000 00795nam a2200289 c 4500
001 616628
003 DO-SdBNP
005 20240715101621.0
007 616628
008 150302s1986 sp a | 000 1 spa
017 _a
_b
020 _a0828001634
035 _a
040 _aBPMSU
_bspa
_cBPMSU
_e
080 _a
082 4 _a248.82
_bM462h 1986
_222
100 1 _a Maxwell, Arturo S.
_d
_4
245 1 0 _aMis historias favoritas /
_cArturo S. Maxwell
260 _aBogotá :
_bAsociación Publicadora Interamericana,
_c1986.
300 _a190 p.:
_b il. ;
_c25 cm
336 _a
_a
_2
337 _a
_2
590 _aInventariado, 2024/VM
650 4 _aLiteratura infantil
_x Adventistas del Séptimo Día
910 _aVMateo V. Control de calidad. BPMSU
942 _2ddc
_cBK
999 _c9341
_d9341